00839nam a22001937a 4500999001700000008004100017020002000058050002500078110003700103245005900140250001300199260004600212300006000258650004500318650008900363650002700452942003700479952012900516 c25735d25735170201b xxu||||| |||| 00| 0 eng d a 9781618650573  aLB 2353.57 .S28 2014 aKaplan Test Prep and Admissions. a Close SAT premier/cKaplan Test Prep and Admissions. a2014 ed. aNew York : bKaplan Publishing, c©2013. axiii, 769 pages : illustrations ; 28 cm + 1 DVD (4 3/4) aSAT (Educational test) -- Study guides.  aUniversities and colleges -- United States -- Entrance examinations -- Study guides. aSAT (Educational test) 2lcccBOOKShLB 2353.57 .S28 2014 00102lcc4070aMUCbMUCcTECHd2017-02-01eDonation (B.F.A)l0oLB 2353.57 .S28 2014p33148r2018-06-08w2017-02-01yBOOKS